|
|
|
|
| LEADER |
01557cam a2200361 i 4500 |
| 001 |
001391831 |
| 003 |
CZ BrMZK |
| 005 |
20160122085222.0 |
| 007 |
aj|canzn |
| 008 |
111208s1965 xr g a 0| cze d |
| 034 |
1 |
|
|a a
|b 100000
|d E0123435
|e E0131005
|f N0493828
|g N0491816
|
| 040 |
|
|
|a BOA001
|b cze
|
| 043 |
|
|
|a e-xr---
|b e-xr-pl
|2 czenas
|
| 072 |
|
7 |
|a 913(437)
|x Geografie Česka a Slovenska, reálie, cestování
|2 Konspekt
|9 7
|
| 080 |
|
|
|a 913:338.483.1
|2 MRF
|
| 080 |
|
|
|a (437.317)
|2 MRF
|
| 080 |
|
|
|a (084.3)796.5
|2 MRF
|
| 245 |
0 |
0 |
|a Chodsko
|h [kartografický dokument] /
|c text Jiří Cenefels ; grafická úprava Karel Růžek
|
| 255 |
|
|
|a Měřítko [ca 1:100 000]
|c (12°34´35" v.d.--13°10´05" v.d./49°38´28" s.š.--49°18´16" s.š.)
|
| 260 |
|
|
|a V Domažlicích :
|b Komise cestovního ruchu ONV,
|c 1965
|e (Červený Kostelec :
|f Severografia)
|
| 300 |
|
|
|a 1 mapa :
|b barev. ;
|c 42 x 58 cm, složeno na 21 x 12 cm
|
| 500 |
|
|
|a Na rubu doprovodný text
|
| 650 |
0 |
7 |
|a turistické zajímavosti
|7 ph126800
|2 czenas
|
| 655 |
|
7 |
|a turistické mapy
|7 fd133737
|2 czenas
|
| 651 |
|
7 |
|a Chodsko (Česko)
|7 ge128936
|2 czenas
|
| 700 |
1 |
|
|a Cenefels, Jiří,
|d 1924-2001
|7 jx20041214006
|4 aut
|
| 700 |
1 |
|
|a Růžek, Karel
|4 dsr
|
| 710 |
1 |
|
|a Domažlice (Česko : okres).
|b Okresní národní výbor
|7 ko2004263513
|4 pbl
|
| 710 |
1 |
|
|a Severografia (firma : Červený Kostelec)
|4 prt
|
| 910 |
|
|
|a BOA001
|b Skř.9A-0588.237
|
| 990 |
|
|
|a MP
|
| 991 |
|
|
|b 201406
|
| 996 |
6 |
|
|b 2619016243
|c Skř.9A-0588.237
|l MZK
|r Sklad / do 24 hodin
|n 0
|w 001438666
|u 000010
|a 1
|e BOA001
|j MZK50
|s P
|